Statistiken für Meistbesuchte Länder der Franzosen

Klicken Sie hier um das Quiz zu spielen!

Allgemein

  • Dieses Quiz wurde 147 mal gespielt
    (92 seit der letzten Aktualisierung)
  • Das Durchschnittsergebnis liegt bei 8 aus 10

Antwortstatistiken

%Land% Korrekt
30Deutschland
100%
41Spanien
100%
35Vereinigtes Königreich
99%
13Vereinigte Staaten
99%
29Italien
95%
27Belgien
91%
15Schweiz
88%
13Griechenland
57%
10Marokko
38%
14Andorra
30%

Verteilung der Resultate

Perzentil nach korrekt beantworteten Fragen

Anzahl Personen mit jedem Resultat

Ihre Resultats-Entwicklung

Sie haben dieses Quiz seit der letzten Aktualisierung nicht gespielt